Devinez le Pays Mystère #147 - Statistiques

Statistiques générales
  • Ce quiz a été pris 308 fois
  • Le résultat moyen est 13 sur 15
Statistiques - réponses
Type de Réponse Réponse % Correct
Lettre Trouvée E
100%
Lettre Trouvée A
98%
Lettre Trouvée N
97%
Lettre Trouvée I
96%
Lettre Bien Placée I
94%
Lettre Trouvée R
93%
Lettre Trouvée G
92%
Lettre Bien Placée E
82%
Lettre Trouvée I
82%
Lettre Bien Placée R
81%
Lettre Bien Placée G
80%
Lettre Bien Placée N
79%
Lettre Bien Placée A
76%
Lettre Bien Placée I
76%
Pays Mystère Nigeria
75%
Aucun quiz correspondant
Distribution des résultats
% des personnes avec chaque résultat
Percentile par nombre de réponses
Votre historique - résultats
Vous n’avez pas pris ce quiz